| 000 | 00371 a2200133 4500 | ||
|---|---|---|---|
| 003 | OSt | ||
| 005 | 20180116182707.0 | ||
| 008 | 160518b xxu||||| |||| 00| 0 eng d | ||
| 040 | _c0 | ||
| 100 | _aFarooq Naseem Bajwa | ||
| 245 | _aPakistan and the West the first Decade 1947-1957. | ||
| 260 |
_aOxford University Press Karachi _c1996. |
||
| 942 |
_aNBS _cBK _k954.91 BAJ _2ddc |
||
| 999 |
_c344203 _d344203 |
||